=LDR 00000nam 2200000 4500 =001 INLIS000000000014749 =005 20130612110026 =008 ***********************************Ind** =035 ##$$0010-061300000014749 =041 ##$$a Ind =082 ##$$a F 813 =090 ##$$a F 813, Wij s =100 ##$$a Wijayanti, Varuni Dian =245 ##$$a Santri tengik, Varuni Dian Wijayanti =260 ##$$a 2001 $b Yogyakarta =300 ##$$a ix, 100 hlm, Ilus, 20 cm =650 ##$$a Fiksi Indonesia =850 ##$$a NBPNMAT